|
|
|
|
| LEADER |
00716cam a2200229 7i4500 |
| 001 |
0000035387 |
| 005 |
20181025090000.0 |
| 007 |
##ta |
| 008 |
181008s2018 nyua o 001 0 eng d |
| 020 |
# |
# |
|a 9781600572135
|
| 040 |
# |
# |
|a MATR
|
| 090 |
0 |
0 |
|a REF 031.02
|b WOR
|
| 245 |
0 |
4 |
|a THE WORLD ALMANAC AND BOOK OF FACTS 2018
|c senior editor: Sarah Janssen.
|
| 264 |
# |
1 |
|a New York:
|b World Almanac Books,
|c 2018.
|
| 300 |
# |
# |
|a 1007 pages:
|b illustrations;
|c 21 cm.
|
| 336 |
# |
# |
|a text
|2 rdacontent
|
| 337 |
# |
# |
|a unmediated
|2 rdamedia
|
| 338 |
# |
# |
|a volume
|2 rdacarrier
|
| 650 |
# |
0 |
|a Almanacs, American
|
| 651 |
# |
0 |
|a United States
|
| 700 |
1 |
# |
|a Janssen, Sarah(
|d 1982-)
|
| 999 |
|
|
|a B000040397
|b Book
|c Book
|e Business Information Centre
|